Ekonomický časopis časopis pre ekonomickú teóriu, hospodársku politiku, spoločensko-ekonomické prognózovanie

Enregistré dans:
Détails bibliographiques
Format: Publication en série
Langue:slovaque
anglais
Publié: Bratislava Slovak Academic Press 1995
Sujets:
Tags: Ajouter un tag
Pas de tags, Soyez le premier à ajouter un tag!

MARC

LEADER 00000nas2a2200000 4500
001 s102006
005 20221220130808.0
022 |a 0013-3035 
041 0 |a slo 
041 0 |a eng 
044 |a SK 
245 1 0 |a Ekonomický časopis  |b časopis pre ekonomickú teóriu, hospodársku politiku, spoločensko-ekonomické prognózovanie 
264 1 |a Bratislava  |b Slovak Academic Press  |c 1995 
300 |a 2 zv. 
773 0 |w eu_un_cat*s120048 
610 2 0 |a veda ekonomická 
610 2 0 |a teórie ekonomické 
610 2 0 |a výskum ekonomický 
610 2 0 |a mikroekonomika